000 00787nam a2200265 a 4500
008
020 _a0717131920 (pbk.)
049 _aMAIN
090 _aHG4026
_bPOW
100 1 _aPower, Tom.
245 1 0 _aFinancial Management :
_ban Irish text /
_cTom Power, Stephen Walsh & Paul O. Meara.
260 _aDublin :
_bGill and Macmillan,
_c2001.
300 _axvii, 600 p. :
_bill. ;
_c25 cm.
500 _aIncludes index.
650 0 _aBusiness enterprises
_xFinance.
650 0 _aCorporations
_xFinance.
653 0 _aFinance
_aManagement.
700 _aMeara, Paul O.
700 _aWalsh, Stephen.
907 _a.b10294491
_b12-01-16
_c07-04-11
003
005 20230123125235.0
040 _cNUST
942 _cBOOKS
_kHG4026
_mPOW
999 _c138152
_d138152